| 000 | 00325nam a22001337a 4500 | ||
|---|---|---|---|
| 005 | 20260225111352.0 | ||
| 020 | _a978-93-6224-500-7 | ||
| 082 | _a639.3KUM/F | ||
| 245 |
_aFish Culture/ _ced by Kailash Kumar |
||
| 260 |
_a.-Newdelhi _b:DPH _c,2025 |
||
| 300 | _a275p | ||
| 700 |
_aKumar,Kailash (ed) _910910 |
||
| 942 |
_2ddc _cBK |
||
| 999 |
_c757016 _d757016 |
||